000 01333nam0a22003371 4500
001 RU\NLR\INFOCOMM_241\5000000757
005 20250613090549.0
035 _a(NLR Aleph) 009070940
090 _a7922380
_c7922380
100 _a20081027d1979 |||y0rusy50 ca
101 0 _aeng
102 _aRU
105 _aa z 000zy
200 1 _aMassive lepton pair production in πρ and ρρ collisions
_fG. G. Arakelian, K. G. Boreskov
210 _aМ.
_cИТЭФ
_d1979
215 _a36 с.
_cграф.
_d25 см
225 1 _aInstitute of theoretical and experimental physics
_vITEP-138
300 _aВ вып. дан.: Рождение массивных лептонных пар в πρ и ρρ столкновениях / Г. Г. Аракелян, К. Г. Боресков
320 _aБиблиогр.: с. 35
517 1 _aРождение массивных лептонных пар в πρ и ρρ столкновениях
606 _aЛептонные пары
_xОбразование
_2nlr_sh1
686 _aВ382.3
_2rubbk
700 1 _6z01790
_aArakeljan
_bG. G.
_gGevork Gajkovič
_4070
701 1 _aBoreskov
_bK. G.
_4070
790 1 _6z01700
_aArakelian
_bG. G.
_4070
801 1 _aRU
_bNLR
_c20081027
801 0 _aRU
_bNLR
_gPSBO
852 _aNLR
_jФз01 Д-8/320
942 _cBOOK
980 _aNB